Statistics for Perineum - 3

Click here to take the quiz!

General Stats

  • This quiz has been taken 3 times
  • The average score is 7 of 18

Answer Stats

HintAnswer% Correct
This muscle can be subdivided into four parts iliococcygeus, puborectalis, puboprostaticus/vaginalis and which fourth?Pubococcygeus
100%
What is the name for the canal it runs in?Alcock's
50%
What is the name given to the double peritoneal fold attatched to the inferior border of the tube and lateral borders of the body?Broad ligament
50%
What is the name for the continuation of Scarpa's fascia in the perineum?Colles'
50%
What is the name for the 'tendon' that during childhood developement helps the descent of the testis?Gubernaculum
50%
They all roughly form u shapes which are inserted into each other, which is the largest u?Iliococcygeus
50%
The pelvic diaphragm is formed by two muscles coccygeus and which other?Levator ani
50%
What is the name for the line which seperates mucous membrane lined anus from skin lined anus?Pectinate
50%
What is the posterior attachment of the perineal membrane? Forming the urogenital triangle.Perineal body
50%
What nerve supplies the anal sphincters as well as the perineal muscles?Pudendal
50%
What is the name for the ligament that attatches to the uterus at its connection with the tube, goes through the inguinal canal to then insert into the labium majus?Round ligament
50%
Which set of greater and lesser foramina does this nerve wind out and then back in through to enter the perineum?Sciatic
50%
What is the name for the pouch that is enclosed by the perineal membrane and Colles' fascia and contains the external genitalia?Superficial perineal
50%
What is the name for the glands that produce an alkaline mucous secretion known as pre-ejaculate?Cowper's
0%
What is the name for the finger like projections, made from erectile tissue, that come from the infundibulum of the fallopian tubes and attatch to the ovaries?Fimbriae
0%
What is the name given to the small mesentery that the ovary is on?Mesovarium
0%
What gives the parasympathetic to supply to the uterus?Pelvic splanchnic
0%
It has three major branches, inferior rectal, dorsal nerve of penis/clitoris and which third?Perineal
0%

Score Distribution

Percentile by Number Answered

Percent of People with Each Score

Your Score History

You have not taken this quiz